| 000 | 00645nam a22001937a 4500 | ||
|---|---|---|---|
| 005 | 20160329151828.0 | ||
| 008 | 160329b xxu||||| |||| 00| 0 eng d | ||
| 020 | _a9788120325739 | ||
| 050 | _aHD58.7V53 2004 | ||
| 100 |
_aVibert, Conor _923442 |
||
| 245 |
_aTheories of macro organizational behavior _ba handbook of ideas and explanations _cby Vibert, Conor |
||
| 260 |
_aNew Delhi _bPrentice-Hall of India _c2004 |
||
| 300 |
_aviii, 226p.; _c22cm. |
||
| 650 |
_aOrganizational behavior _923443 |
||
| 650 |
_aCorporations _923444 |
||
| 650 |
_aComplex organizations _923445 |
||
| 650 |
_aManagement _923446 |
||
| 942 |
_2lcc _cMONOGRAPH |
||
| 999 |
_c124502 _d124502 |
||